[Event "Arber Seniors op 6th"]
[Site "Bayerisch Eisenstein"]
[Date "2018.08.03"]
[Round "7"]
[White "Gross Winter, Guenter"]
[Black "Sagner, Guenter"]
[Result "1-0"]
[WhiteElo "1577"]
[BlackElo "1742"]
[PlyCount "63"]
[EventDate "2018.07.28"]
[EventType "swiss"]
[EventRounds "9"]
[EventCountry "GER"]
[SourceTitle "CBM 185 Extra"]
[Source "ChessBase"]
[SourceDate "2018.07.29"]
[SourceVersion "1"]
[SourceVersionDate "2018.07.29"]
[SourceQuality "1"]

1. e4 e6 2. d3 d5 3. Nd2 c5 4. g3 Nc6 5. Bg2 Nf6 6. Ngf3 Qc7 7. 0-0 Bd6 8. Re1 0-0 9. c3 dxe4 10. dxe4 e5 11. h3 h6 12. Nf1 Be6 13. Nh4 Ne7 14. g4 Bd7 15. Ng3 Rad8 16. g5 hxg5 17. Bxg5 Nh7 18. Be3 Be6 19. Qh5 g6 20. Qf3 Kg7 21. b3 Rh8 22. Bf1 Rdf8 23. Nhf5+ gxf5 24. exf5 Bxf5 25. Nxf5+ Nxf5 26. Qxf5 Rhg8 27. f3 Qe7 28. Kh1 Kh8 29. Bd3 f6 30. Bh6 Rd8 31. Rg1 Qd7 32. Rxg8+ 1-0

[Event "Arber Seniors op 6th"]
[Site "Bayerisch Eisenstein"]
[Date "2018.08.01"]
[Round "5"]
[White "Hiby, Harald"]
[Black "Sagner, Guenter"]
[Result "1-0"]
[WhiteElo "1796"]
[BlackElo "1742"]
[PlyCount "73"]
[EventDate "2018.07.28"]
[EventType "swiss"]
[EventRounds "9"]
[EventCountry "GER"]
[SourceTitle "CBM 185 Extra"]
[Source "ChessBase"]
[SourceDate "2018.07.29"]
[SourceVersion "1"]
[SourceVersionDate "2018.07.29"]
[SourceQuality "1"]

1. d4 Nf6 2. c4 e6 3. Nc3 Bb4 4. Bd2 d5 5. e3 0-0 6. Nf3 b6 7. cxd5 exd5 8. Be2 Bf5 9. 0-0 Bd6 10. Rc1 c6 11. Ne5 Bxe5 12. dxe5 Nfd7 13. f4 f6 14. exf6 Nxf6 15. g4 Bc8 16. g5 Ne4 17. Nxe4 dxe4 18. Qb3+ Kh8 19. Rfd1 Qe8 20. Qc2 Be6 21. Bc4 Bd5 22. Be1 Qe6 23. Qe2 Nd7 24. Bb4 Rf5 25. Qf1 Nf8 26. Be2 Rf7 27. Qg2 Ng6 28. Qg3 c5 29. Bg4 Qd6 30. Bc3 Ne7 31. Qh3 Raf8 32. Be5 Qc6 33. Bd7 Qb7 34. Be6 Bxe6 35. Qxe6 Nf5 36. Kf2 Re7 37. Qxf5 1-0

[Event "Arber op Seniors 4th"]
[Site "Bodenmais"]
[Date "2016.08.06"]
[Round "8"]
[White "Sagner, Guenter"]
[Black "Boehm, Manfred"]
[Result "1-0"]
[WhiteElo "1691"]
[BlackElo "1715"]
[PlyCount "65"]
[EventDate "2016.07.30"]
[EventType "swiss"]
[EventRounds "9"]
[EventCountry "GER"]
[SourceTitle "EXT 2017"]
[Source "ChessBase"]
[SourceDate "2016.10.25"]
[SourceVersion "1"]
[SourceVersionDate "2016.10.25"]
[SourceQuality "1"]

1. d4 d5 2. c4 e6 3. Nc3 Nf6 4. Nf3 c6 5. Bf4 Bd6 6. Bg5 Be7 7. e3 Nbd7 8. c5 b6 9. b4 a5 10. a3 b5 11. Bd3 Qc7 12. Bf4 Qb7 13. h3 Ra6 14. 0-0 0-0 15. Qe2 axb4 16. axb4 Qa7 17. Qb2 Bb7 18. Rxa6 Bxa6 19. Ra1 Ra8 20. Nxb5 cxb5 21. Bxb5 Nb8 22. Bxb8 Qxb8 23. Bxa6 Nd7 24. b5 Bxc5 25. dxc5 Nxc5 26. Qe2 Qb6 27. Rc1 h6 28. Ne5 Nxa6 29. Rc6 Qa5 30. Rxa6 Rxa6 31. bxa6 Qa1+ 32. Qf1 Qxe5 33. a7 1-0

[Event "Arber op Seniors 4th"]
[Site "Bodenmais"]
[Date "2016.08.04"]
[Round "6"]
[White "Sagner, Guenter"]
[Black "Klein, Leo"]
[Result "1-0"]
[WhiteElo "1691"]
[BlackElo "1863"]
[PlyCount "83"]
[EventDate "2016.07.30"]
[EventType "swiss"]
[EventRounds "9"]
[EventCountry "GER"]
[SourceTitle "EXT 2017"]
[Source "ChessBase"]
[SourceDate "2016.10.25"]
[SourceVersion "1"]
[SourceVersionDate "2016.10.25"]
[SourceQuality "1"]

1. d4 d6 2. c4 c6 3. Nc3 Na6 4. g3 Nc7 5. Bg2 Nf6 6. e4 Bd7 7. e5 dxe5 8. dxe5 Ng4 9. f4 g6 10. Nf3 Nh6 11. 0-0 Qc8 12. Ne4 Bh3 13. Bxh3 Qxh3 14. Nfg5 Qc8 15. b3 Ne6 16. Bb2 Nf5 17. Qd2 h6 18. Nf3 Qc7 19. Rad1 Rd8 20. Qf2 Nfg7 21. Qxa7 Rc8 22. Rf2 Nd8 23. Rfd2 Nge6 24. Nd4 b6 25. Qxc7 Rxc7 26. Nc2 Bg7 27. Ba3 0-0 28. Rd7 Re8 29. Rxc7 Nxc7 30. Bxe7 Nde6 31. Bb4 Ra8 32. a4 Na6 33. Bc3 Nac5 34. Nxc5 Nxc5 35. Nd4 Ne4 36. Bb2 Rd8 37. Re1 Nc5 38. Re3 Re8 39. Kf2 Bf8 40. g4 Nd7 41. Kf3 Bc5 42. e6 1-0

[Event "Arber op Seniors 4th"]
[Site "Bodenmais"]
[Date "2016.08.02"]
[Round "4"]
[White "Sagner, Guenter"]
[Black "Kiefer, Herbert"]
[Result "0-1"]
[WhiteElo "1691"]
[BlackElo "1866"]
[PlyCount "86"]
[EventDate "2016.07.30"]
[EventType "swiss"]
[EventRounds "9"]
[EventCountry "GER"]
[SourceTitle "EXT 2017"]
[Source "ChessBase"]
[SourceDate "2016.10.25"]
[SourceVersion "1"]
[SourceVersionDate "2016.10.25"]
[SourceQuality "1"]

1. d4 d5 2. c4 dxc4 3. Nc3 e6 4. e3 c5 5. Bxc4 Nf6 6. Nf3 Be7 7. 0-0 0-0 8. Qc2 a6 9. a4 Qc7 10. b3 b6 11. d5 exd5 12. Bxd5 Bb7 13. Bxb7 Qxb7 14. Rd1 Nc6 15. Bb2 Nb4 16. Qf5 Qc8 17. Qxc8 Raxc8 18. Ne5 Rfd8 19. Nc4 Rxd1+ 20. Rxd1 Rb8 21. e4 b5 22. axb5 axb5 23. Na3 Nc6 24. Naxb5 Nxe4 25. Nxe4 Rxb5 26. Rd3 c4 27. Rc3 Rxb3 28. Rxb3 cxb3 29. Nd2 Na5 30. Bc3 Nc6 31. Nxb3 h5 32. Nd4 Nd8 33. Nf5 Bf8 34. h3 g6 35. Bf6 Ne6 36. Ne3 Bc5 37. g3 Nc7 38. Kg2 Bxe3 39. fxe3 Nd5 40. Bd4 Kh7 41. e4 Nc7 42. Kf3 Ne6 43. h4 Nxd4+ 0-1

[Event "Arber op Seniors 4th"]
[Site "Bodenmais"]
[Date "2016.08.01"]
[Round "3"]
[White "Ketzscher, Roland"]
[Black "Sagner, Guenter"]
[Result "1-0"]
[WhiteElo "1933"]
[BlackElo "1691"]
[PlyCount "39"]
[EventDate "2016.07.30"]
[EventType "swiss"]
[EventRounds "9"]
[EventCountry "GER"]
[SourceTitle "EXT 2017"]
[Source "ChessBase"]
[SourceDate "2016.10.25"]
[SourceVersion "1"]
[SourceVersionDate "2016.10.25"]
[SourceQuality "1"]

1. d4 e6 2. c4 Nf6 3. Nc3 Bb4 4. e3 d5 5. Nf3 c6 6. Bd3 0-0 7. 0-0 Nbd7 8. Bd2 dxc4 9. Bxc4 Ba5 10. Qc2 h6 11. Rfd1 b5 12. Be2 Bb6 13. Rac1 Bb7 14. e4 a6 15. e5 Nd5 16. Ne4 Bc7 17. Ne1 f5 18. exf6 N7xf6 19. Nc5 Bc8 20. Ned3 1-0

[Event "Arber op Seniors 4th"]
[Site "Bodenmais"]
[Date "2016.07.31"]
[Round "2"]
[White "Sagner, Guenter"]
[Black "Slacik, Johann"]
[Result "1/2-1/2"]
[WhiteElo "1691"]
[BlackElo "1845"]
[PlyCount "41"]
[EventDate "2016.07.30"]
[EventType "swiss"]
[EventRounds "9"]
[EventCountry "GER"]
[SourceTitle "EXT 2017"]
[Source "ChessBase"]
[SourceDate "2016.10.25"]
[SourceVersion "1"]
[SourceVersionDate "2016.10.25"]
[SourceQuality "1"]

1. d4 d5 2. c4 e6 3. Nf3 Nf6 4. Nc3 Be7 5. Bf4 c6 6. a4 0-0 7. e3 Bb4 8. Qc2 Qa5 9. Rc1 Nbd7 10. Bd3 dxc4 11. Bxc4 Nb6 12. Bc7 Nfd5 13. Bxd5 exd5 14. b3 Qa6 15. Qe2 Bxc3+ 16. Rxc3 Qxe2+ 17. Kxe2 Bg4 18. h3 Bxf3+ 19. gxf3 f5 20. Rg1 Nd7 21. f4 1/2-1/2

[Event "Arber op Seniors 3rd"]
[Site "Bayerisch Eisenstein"]
[Date "2015.08.03"]
[Round "4"]
[White "Sagner, Guenter"]
[Black "Svoboda, Jaroslav"]
[Result "1/2-1/2"]
[WhiteElo "1751"]
[BlackElo "1850"]
[PlyCount "57"]
[EventDate "2015.08.01"]
[EventType "swiss"]
[EventRounds "9"]
[EventCountry "GER"]
[SourceTitle "EXT 2016"]
[Source "ChessBase"]
[SourceDate "2015.10.08"]
[SourceVersion "1"]
[SourceVersionDate "2015.10.08"]
[SourceQuality "1"]

1. d4 d5 2. c4 c6 3. Nc3 e6 4. Nf3 Nf6 5. Bg5 Be7 6. e3 0-0 7. cxd5 exd5 8. Bd3 h6 9. Bh4 Bg4 10. h3 Bh5 11. g4 Bg6 12. Bxg6 fxg6 13. Qd3 Ne4 14. Bxe7 Qxe7 15. Nxe4 dxe4 16. Qb3+ Kh7 17. Ne5 c5 18. Rc1 Na6 19. a3 Rf6 20. Qd5 Rd8 21. Qxe4 cxd4 22. exd4 Qe8 23. 0-0 Rfd6 24. Rc4 b5 25. Rc6 Rxd4 26. Qxg6+ Qxg6 27. Rxg6 Nc5 28. Rc6 R8d5 29. f4 1/2-1/2

[Event "Arber op Seniors 3rd"]
[Site "Bayerisch Eisenstein"]
[Date "2015.08.01"]
[Round "1"]
[White "Mertens, Klaus"]
[Black "Sagner, Guenter"]
[Result "1-0"]
[WhiteElo "2054"]
[BlackElo "1751"]
[PlyCount "47"]
[EventDate "2015.08.01"]
[EventType "swiss"]
[EventRounds "9"]
[EventCountry "GER"]
[SourceTitle "EXT 2016"]
[Source "ChessBase"]
[SourceDate "2015.10.08"]
[SourceVersion "1"]
[SourceVersionDate "2015.10.08"]
[SourceQuality "1"]

1. Nf3 Nf6 2. c4 e6 3. g3 c5 4. Bg2 Nc6 5. 0-0 d5 6. b3 d4 7. d3 e5 8. Na3 a6 9. Nc2 Bd6 10. a3 Rb8 11. Bd2 b5 12. Ng5 Qc7 13. Ne4 Nxe4 14. Bxe4 bxc4 15. bxc4 Bh3 16. Re1 Ne7 17. e3 g6 18. exd4 cxd4 19. Nb4 Bxb4 20. axb4 Bc8 21. Qa4+ Qd7 22. Bg5 Qxa4 23. Rxa4 Rf8 24. Bf6 1-0

[Event "Niederbayern-ch Seniors"]
[Site "Regen"]
[Date "2015.06.21"]
[Round "7"]
[White "Sagner, Guenter"]
[Black "Schubert, Heinz"]
[Result "1/2-1/2"]
[WhiteElo "1751"]
[BlackElo "1442"]
[PlyCount "36"]
[EventDate "2015.06.18"]
[EventType "tourn"]
[EventRounds "7"]
[EventCountry "GER"]
[SourceTitle "EXT 2023"]
[Source "ChessBase"]
[SourceDate "2022.10.05"]
[SourceVersion "1"]
[SourceVersionDate "2022.10.05"]
[SourceQuality "1"]

1. d4 d5 2. c4 e6 3. Nc3 Nf6 4. Bg5 Nbd7 5. cxd5 exd5 6. Nf3 c6 7. e3 Qa5 8. a3 Ne4 9. Qc1 Ndf6 10. Bxf6 Nxf6 11. b4 Qd8 12. Bd3 h6 13. 0-0 Bd6 14. h3 0-0 15. Re1 Re8 16. e4 dxe4 17. Nxe4 Nxe4 18. Rxe4 Rxe4 1/2-1/2

[Event "Niederbayern-ch Seniors"]
[Site "Regen"]
[Date "2015.06.20"]
[Round "5"]
[White "Sagner, Guenter"]
[Black "Zorn, Guenter"]
[Result "1-0"]
[WhiteElo "1751"]
[BlackElo "1558"]
[PlyCount "87"]
[EventDate "2015.06.18"]
[EventType "tourn"]
[EventRounds "7"]
[EventCountry "GER"]
[SourceTitle "EXT 2023"]
[Source "ChessBase"]
[SourceDate "2022.10.05"]
[SourceVersion "1"]
[SourceVersionDate "2022.10.05"]
[SourceQuality "1"]

1. d4 d5 2. c4 e6 3. Nc3 c6 4. Nf3 Nd7 5. a4 Ngf6 6. Bg5 Be7 7. e3 0-0 8. h3 h6 9. Bf4 Nh7 10. cxd5 cxd5 11. Bd3 Ng5 12. Qc2 f5 13. Nb5 Nxf3+ 14. gxf3 Bg5 15. Bh2 Qa5+ 16. Ke2 Be7 17. Nc7 Nb6 18. Nxa8 Nxa8 19. b3 Qd8 20. Rag1 Nb6 21. Rg6 Rf6 22. Rhg1 Rxg6 23. Rxg6 Kh7 24. Rg2 Bd7 25. e4 Qc8 26. Qd2 Bg5 27. f4 Bh4 28. exf5 exf5 29. Rg1 Qe8+ 30. Qe3 Qh5+ 31. f3 Qf7 32. Rc1 Bc6 33. Qe5 g6 34. Bb5 Bf6 35. Qe3 Qd7 36. Bxc6 bxc6 37. Qc3 Qe8+ 38. Kd3 g5 39. Qxc6 Qh5 40. Ke3 Bxd4+ 41. Kxd4 Qxf3 42. Qd7+ Kg6 43. Rc6+ Kh5 44. Qf7+ 1-0

[Event "Niederbayern-ch Seniors"]
[Site "Regen"]
[Date "2015.06.18"]
[Round "2"]
[White "Koenigl, Anton"]
[Black "Sagner, Guenter"]
[Result "0-1"]
[WhiteElo "1767"]
[BlackElo "1751"]
[PlyCount "111"]
[EventDate "2015.06.18"]
[EventType "tourn"]
[EventRounds "7"]
[EventCountry "GER"]
[SourceTitle "EXT 2023"]
[Source "ChessBase"]
[SourceDate "2022.10.05"]
[SourceVersion "1"]
[SourceVersionDate "2022.10.05"]
[SourceQuality "1"]

1. e4 e6 2. d4 d5 3. Bd3 dxe4 4. Bxe4 Nf6 5. Bf3 c5 6. Ne2 Qc7 7. 0-0 Bd6 8. g3 0-0 9. Nbc3 a6 10. Be3 Rd8 11. Qc1 cxd4 12. Bxd4 e5 13. Be3 Bf5 14. Rd1 Nbd7 15. Bg5 Re8 16. Bxf6 Nxf6 17. Nd5 Nxd5 18. Bxd5 Rad8 19. c3 Bg4 20. Re1 b5 21. Bg2 Qc4 22. Qe3 Bc5 23. Qe4 Qxe4 24. Bxe4 Rd2 25. Kf1 Rxb2 26. Bg2 Rd8 27. h3 Bh5 28. f4 f6 29. g4 Bf7 30. fxe5 fxe5 31. Red1 Rbd2 32. Rxd2 Rxd2 33. Ke1 Rxa2 34. Rxa2 Bxa2 35. Ng3 b4 36. cxb4 Bxb4+ 37. Kd1 Bb3+ 38. Kc1 a5 39. Kb2 a4 40. Bc6 Kf7 41. Ne4 Ke6 42. Nc3 Bxc3+ 43. Kxc3 Kd6 44. Be4 h6 45. h4 Bd5 46. Bc2 a3 47. g5 hxg5 48. hxg5 Kc5 49. Bd3 a2 50. Kb2 Kd4 51. Bf1 e4 52. Bg2 Bc4 53. g6 e3 54. Bf3 e2 55. Bxe2 Bxe2 56. Kxa2 0-1

[Event "Arber op Seniors 2nd"]
[Site "Bayerisch Eisenstein"]
[Date "2014.08.24"]
[Round "9"]
[White "Slacik, Johann"]
[Black "Sagner, Guenter"]
[Result "1/2-1/2"]
[WhiteElo "1864"]
[BlackElo "1688"]
[PlyCount "46"]
[EventDate "2014.08.16"]
[EventType "swiss"]
[EventRounds "9"]
[EventCountry "GER"]
[SourceTitle "EXT 2016"]
[Source "ChessBase"]
[SourceDate "2015.10.08"]
[SourceVersion "1"]
[SourceVersionDate "2015.10.08"]
[SourceQuality "1"]

1. d4 Nf6 2. c4 c5 3. e3 e6 4. Nf3 d5 5. cxd5 exd5 6. dxc5 Bxc5 7. Be2 0-0 8. 0-0 Nc6 9. Nbd2 Be6 10. Nb3 Bb6 11. Nbd4 Rc8 12. a3 a6 13. b4 Ne4 14. Bb2 Nxd4 15. Nxd4 Nc3 16. Qd2 Nxe2+ 17. Qxe2 Rc4 18. Rac1 Bxd4 19. Bxd4 Qc7 20. Qd2 Rc8 21. Bb2 Rc2 22. Rxc2 Qxc2 23. Qxc2 Rxc2 1/2-1/2

[Event "Arber op Seniors 2nd"]
[Site "Bayerisch Eisenstein"]
[Date "2014.08.22"]
[Round "7"]
[White "Sagner, Guenter"]
[Black "Reichert, Rudolf"]
[Result "1-0"]
[WhiteElo "1688"]
[BlackElo "1845"]
[PlyCount "59"]
[EventDate "2014.08.16"]
[EventType "swiss"]
[EventRounds "9"]
[EventCountry "GER"]
[SourceTitle "EXT 2016"]
[Source "ChessBase"]
[SourceDate "2015.10.08"]
[SourceVersion "1"]
[SourceVersionDate "2015.10.08"]
[SourceQuality "1"]

1. d4 d5 2. c4 Nf6 3. Nc3 c6 4. Nf3 h6 5. h3 Bf5 6. e3 e6 7. Be2 Bd6 8. 0-0 Qc7 9. b3 Nbd7 10. cxd5 exd5 11. Bb2 0-0-0 12. a4 g5 13. Rc1 g4 14. Nh4 Be6 15. hxg4 Rdg8 16. Nf5 Bh2+ 17. Kh1 Bxf5 18. gxf5 h5 19. f4 h4 20. Kxh2 Rg3 21. Bf3 Kb8 22. Nb5 Qd8 23. Nd6 Qg8 24. Qe1 Ng4+ 25. Bxg4 Rxg4 26. Rg1 Nf6 27. Qb4 b6 28. Rxc6 Rg3 29. Rxb6+ Kc7 30. Rb7+ 1-0

[Event "Arber op Seniors 2nd"]
[Site "Bayerisch Eisenstein"]
[Date "2014.08.19"]
[Round "4"]
[White "Pohl, Rolf Dieter"]
[Black "Sagner, Guenter"]
[Result "0-1"]
[WhiteElo "1000"]
[BlackElo "1688"]
[PlyCount "54"]
[EventDate "2014.08.16"]
[EventType "swiss"]
[EventRounds "9"]
[EventCountry "GER"]
[SourceTitle "EXT 2016"]
[Source "ChessBase"]
[SourceDate "2015.10.08"]
[SourceVersion "1"]
[SourceVersionDate "2015.10.08"]
[SourceQuality "1"]

1. d4 Nf6 2. g3 d5 3. Bg2 g6 4. Nf3 Bg7 5. 0-0 0-0 6. Re1 b6 7. c3 a5 8. Qc2 Bb7 9. Ne5 Nbd7 10. Nd3 Rc8 11. Nf4 c5 12. e3 Qc7 13. h4 Ng4 14. Nxd5 Bxd5 15. Bxd5 cxd4 16. exd4 Bxd4 17. Bf4 Qc5 18. Qe4 Bxf2+ 19. Kg2 Bxe1 20. Qf3 Ndf6 21. Na3 Qf2+ 22. Qxf2 Bxf2 23. Bf3 Bc5 24. Nc2 Rcd8 25. Re1 h5 26. b3 Nd5 27. Bc1 Nxc3 0-1